Romans; vol. 1. (Record no. 5681)

000 -LEADER
fixed length control field 00567nam a2200181 a 4500
001 - CONTROL NUMBER
control field :::00003423$&:&@@
003 - CONTROL NUMBER IDENTIFIER
control field OkBaRHE
005 - DATE AND TIME OF LATEST TRANSACTION
control field 20000901102116.0
008 - FIXED-LENGTH DATA ELEMENTS--GENERAL INFORMATION
fixed length control field s1976 j 000 0 eng u
040 ## - CATALOGING SOURCE
Transcribing agency
100 1# - MAIN ENTRY--PERSONAL NAME
Personal name Epp, Theodore H.
245 10 - TITLE STATEMENT
Title Romans; vol. 1.
260 ## - PUBLICATION, DISTRIBUTION, ETC. (IMPRINT)
Place of publication, distribution, etc Lincoln, NE., :
Name of publisher, distributor, etc Back to the Bible Correspondence School
Date of publication, distribution, etc c1976
300 ## - PHYSICAL DESCRIPTION
Extent 101 p. : illus. ;
Dimensions 22 cm.
650 ## - SUBJECT ADDED ENTRY--TOPICAL TERM
Topical term or geographic name as entry element Bible New Testament Romans
General subdivision Study
942 ## - ADDED ENTRY ELEMENTS (KOHA)
Source of classification or shelving scheme
Koha item type Books
Copies
Damaged status Date last seen Permanent Location Date acquired Price effective from Current Location Not for loan Source of classification or shelving scheme Shelving location Withdrawn status Lost status Full call number Copy number Koha item type Barcode
 2018-03-15RHEMA Bible Training College2010-04-142010-04-14RHEMA Bible Training College  General Stacks  BS 2665 .E631Books3423